<?xml version="1.0" encoding="UTF-8"?><?xml-stylesheet type="text/xsl" href="static/style.xsl"?><OAI-PMH xmlns="http://www.openarchives.org/OAI/2.0/" xmlns:xsi="http://www.w3.org/2001/XMLSchema-instance" xsi:schemaLocation="http://www.openarchives.org/OAI/2.0/ http://www.openarchives.org/OAI/2.0/OAI-PMH.xsd"><responseDate>2026-04-14T02:57:33Z</responseDate><request verb="GetRecord" identifier="oai:www.recercat.cat:10256/18427" metadataPrefix="marc">https://recercat.cat/oai/request</request><GetRecord><record><header><identifier>oai:recercat.cat:10256/18427</identifier><datestamp>2024-05-22T11:25:06Z</datestamp><setSpec>com_2072_452966</setSpec><setSpec>com_2072_2054</setSpec><setSpec>col_2072_452968</setSpec></header><metadata><record xmlns="http://www.loc.gov/MARC21/slim" xmlns:dcterms="http://purl.org/dc/terms/" xmlns:xsi="http://www.w3.org/2001/XMLSchema-instance" xmlns:doc="http://www.lyncode.com/xoai" xsi:schemaLocation="http://www.loc.gov/MARC21/slim http://www.loc.gov/standards/marcxml/schema/MARC21slim.xsd">
   <leader>00925njm 22002777a 4500</leader>
   <datafield ind2=" " ind1=" " tag="042">
      <subfield code="a">dc</subfield>
   </datafield>
   <datafield ind2=" " ind1=" " tag="720">
      <subfield code="a">Rosado Hidalgo, Marina</subfield>
      <subfield code="e">author</subfield>
   </datafield>
   <datafield ind2=" " ind1=" " tag="260">
      <subfield code="c">2019-11</subfield>
   </datafield>
   <datafield ind2=" " ind1=" " tag="520">
      <subfield code="a">Introduction&#xd;
Nowadays, live in a tanatophobic society in which there is no place to express negative&#xd;
emotions or unpleasant thoughts, much less talk about death.&#xd;
Grief must be understood as a normal process after the loss of a loved one. Pathological&#xd;
grief can appear in some situations and lead to physical, psychological or psychiatric&#xd;
disorders.&#xd;
Perinatal death occurs from the 22nd week of gestation to the first 7 days from birth.&#xd;
Perinatal grief is generally unauthorized, so parents are at risk of developing a&#xd;
complicated grief disorder. Another underestimated aspect is the early detection of&#xd;
psychiatric disorders in these parents, such as Anxiety Disorder.&#xd;
Justification&#xd;
Most hospitals in Spain do not have a protocol for perinatal death. Therefore, medical&#xd;
personnel are not trained in this area. In addition, many parents mention not having&#xd;
received the necessary information at the time of the loss and not having had support&#xd;
from society. The support groups that have been created for these families, as well as the&#xd;
mental health of these parents should be studied.&#xd;
Objective&#xd;
This study aims to evaluate if the patients who have suffered a perinatal death and attend&#xd;
a support group have less at risk of developing an Anxiety Disorders than patients who&#xd;
do not attend these groups.&#xd;
Methodology&#xd;
This study is designed as a prospective observational study.&#xd;
This study is designed to be multicentre and will be carried out in 3 health centres in&#xd;
Catalonia.&#xd;
The sample will consist of 2 groups of parents who have suffered a perinatal death: a&#xd;
group that will attend support groups for perinatal grief (case group) and another group&#xd;
that will not attend these groups (control group).&#xd;
Finally, the prevalence of Anxiety Disorder will be compared between the two groups</subfield>
   </datafield>
   <datafield ind1="8" ind2=" " tag="024">
      <subfield code="a">http://hdl.handle.net/10256/18427</subfield>
   </datafield>
   <datafield tag="653" ind2=" " ind1=" ">
      <subfield code="a">Fetus -- Mort</subfield>
   </datafield>
   <datafield tag="653" ind2=" " ind1=" ">
      <subfield code="a">Fetal death</subfield>
   </datafield>
   <datafield tag="653" ind2=" " ind1=" ">
      <subfield code="a">Dol</subfield>
   </datafield>
   <datafield tag="653" ind2=" " ind1=" ">
      <subfield code="a">Bereavement</subfield>
   </datafield>
   <datafield tag="653" ind2=" " ind1=" ">
      <subfield code="a">Ansietat</subfield>
   </datafield>
   <datafield tag="653" ind2=" " ind1=" ">
      <subfield code="a">Anxiety</subfield>
   </datafield>
   <datafield tag="653" ind2=" " ind1=" ">
      <subfield code="a">Aflicció</subfield>
   </datafield>
   <datafield tag="653" ind2=" " ind1=" ">
      <subfield code="a">Grief</subfield>
   </datafield>
   <datafield tag="653" ind2=" " ind1=" ">
      <subfield code="a">Loss (Psychology)</subfield>
   </datafield>
   <datafield tag="653" ind2=" " ind1=" ">
      <subfield code="a">Pèrdua (Psicologia)</subfield>
   </datafield>
   <datafield ind2="0" ind1="0" tag="245">
      <subfield code="a">Attending support groups to reduce the prevalence of anxiety disorders in parents who have suffered a perinatal loss</subfield>
   </datafield>
</record></metadata></record></GetRecord></OAI-PMH>